Koalas / (Record no. 30149)

MARC details
000 -LEADER
fixed length control field 01502cam a2200397 a 4500
001 - CONTROL NUMBER
control field zpgpl0 b1350277
003 - CONTROL NUMBER IDENTIFIER
control field OCoLC
005 - DATE AND TIME OF LATEST TRANSACTION
control field 20250115102840.0
008 - FIXED-LENGTH DATA ELEMENTS--GENERAL INFORMATION
fixed length control field 061109s2007 wiuab b 001 0 eng
010 ## - LIBRARY OF CONGRESS CONTROL NUMBER
LC control number 2006037432
020 ## - INTERNATIONAL STANDARD BOOK NUMBER
International Standard Book Number 9780836880076 (lib. bdg.)
020 ## - INTERNATIONAL STANDARD BOOK NUMBER
International Standard Book Number 0836880072 (lib. bdg.)
020 ## - INTERNATIONAL STANDARD BOOK NUMBER
International Standard Book Number 9780836880144 (softcover)
020 ## - INTERNATIONAL STANDARD BOOK NUMBER
International Standard Book Number 0836880145 (softcover)
040 ## - CATALOGING SOURCE
Original cataloging agency DLC
Transcribing agency DLC
Modifying agency BAKER
-- BTCTA
-- TEF
-- DPL
-- IG#
-- CPP
041 1# - LANGUAGE CODE
Language code of text/sound track or separate title eng
Language code of original spa
Language code of text/sound track or separate title eng
050 00 - LIBRARY OF CONGRESS CALL NUMBER
Classification number QL737.M384
Item number P6418 2007
082 00 - DEWEY DECIMAL CLASSIFICATION NUMBER
Classification number 599.2/5
Edition number 22
100 1# - MAIN ENTRY--PERSONAL NAME
Personal name Pohl, Kathleen.
240 10 - UNIFORM TITLE
Uniform title <a href="Koalas.">Koalas.</a>
Language of a work Spanish & English.
245 10 - TITLE STATEMENT
Title Koalas /
Statement of responsibility, etc. by Kathleen Pohl ; [spanish translation, Tatiana Acosta and Guillermo Guti©♭rrez] = Koalas / por Kathleen Pohl.
246 31 - VARYING FORM OF TITLE
Title proper/short title Koalos.
260 ## - PUBLICATION, DISTRIBUTION, ETC. (IMPRINT)
Place of publication, distribution, etc. Milwaukee, WI :
Name of publisher, distributor, etc. Weekly Reader Early Learning Library,
Date of publication, distribution, etc. c2007.
300 ## - PHYSICAL DESCRIPTION
Extent 24 p. :
Other physical details col. ill., col. map ;
Dimensions 19 cm.
490 1# - SERIES STATEMENT
Series statement Let's read about animals/Conozcamos a los animales.
504 ## - BIBLIOGRAPHY, ETC. NOTE
Bibliography, etc Includes bibliographical references (p. 23) and index.
520 ## - SUMMARY, ETC.
Summary, etc. Learn about Koalas, where they live and why it is almost always in a tree.
546 ## - LANGUAGE NOTE
Language note Text in English and Spanish.
650 #0 - SUBJECT ADDED ENTRY--TOPICAL TERM
Topical term or geographic name as entry element Koala
Form subdivision Juvenile literature.
650 #7 - SUBJECT ADDED ENTRY--TOPICAL TERM
Topical term or geographic name as entry element Koala
Form subdivision Literatura juvenil.
Source of heading or term bidex.
650 #1 - SUBJECT ADDED ENTRY--TOPICAL TERM
Topical term or geographic name as entry element Spanish language materials
General subdivision Bilingual.
700 1# - ADDED ENTRY--PERSONAL NAME
Personal name Acosta, Tatiana.
700 1# - ADDED ENTRY--PERSONAL NAME
Personal name Guti©♭rrez, Guillermo.
800 1# - SERIES ADDED ENTRY--PERSONAL NAME
Personal name Pohl, Kathleen.
Title of a work Let's read about animals (Spanish & English)
942 ## - ADDED ENTRY ELEMENTS (KOHA)
Koha item type Libro/Book
Holdings
Withdrawn status Lost status Damaged status Not for loan Home library Current library Date acquired Total Checkouts Full call number Barcode Checked out Date last seen Date checked out Price effective from Koha item type
        San Juan Del Sur -- Mobile Pochote 15/01/2025 1 JNC 33016673 21/04/2026 17/03/2026 17/03/2026 15/01/2025 Libro/Book

Powered by Koha